Lexikológiai vizsgálatok medvesalján

Bibliographic Details
Main Author: Nagy, Lajos Zs., 1935-2005 (Author)
Corporate Author: Výskumné centrum európskej etnológie (Komárno, Slovensko)
Format: Book
Language:Hungarian
PhysicalDescription:271 s. mp., tab. 19 cm
Published: Dunaszerdahely Komárom Lilium Aurum Fórum Kisebbségkutató Intézet 2003
ISBN:8080621926
Edition:1. kiad.
Series:Notitia historico-ethnologica
Subjects:

MARC

LEADER 00000nam a2200000 a 4500
001 vtls001478894
003 SK-MaSNL
005 20260302073613.0
008 251117s2003 xo b 0 hun
015 |a SNBA2004/08-04814 
020 |a 8080621926  |c 220,00 Sk 
035 |a SNK000434192 
040 |a SNK  |b slo  |c SNK  |e AACR2 
041 0 |a hun 
043 |a e-xo--- 
044 |a xo  |c SK 
072 7 |a 811.511.1  |x Ugrofínske jazyky  |2 konspekt 
080 |a 811.511.141(437.6)=511.141  |2 2. slo 
080 |a 81`373  |2 2. slo 
080 |a 811.511.141  |2 1981 
080 |a 81´373  |2 1981 
080 |a (437.6)  |2 1981 
080 |a (048.8)  |2 1981 
100 1 |a Nagy, Lajos Zs.,  |d 1935-2005  |4 aut  |9 107411 
245 1 0 |a Lexikológiai vizsgálatok medvesalján  |c Nagy Lajos 
250 |a 1. kiad. 
260 |a Dunaszerdahely  |b Lilium Aurum  |a Komárom  |b Fórum Kisebbségkutató Intézet  |c 2003 
300 |a 271 s.  |b mp., tab.  |c 19 cm 
490 1 |a Notitia historico-ethnologica  |v 4 
500 |a Súbež. tiráž. slov. 
504 |a Bibliogr. s. 257-264. Reg. 
650 0 7 |a lexikológia  |z Gemer (Slovensko)  |x štúdie  |2 SNK  |9 738227 
650 0 7 |a maďarčina  |2 SNK  |9 1492 
650 0 7 |a lexikológia  |2 SNK  |9 866 
651 7 |a Gemer (Slovensko : región)  |2 SNK  |9 173411 
655 7 |a príručky  |2 SNK  |9 74364 
655 7 |a štúdie  |2 SNK  |9 57033 
710 0 |a Výskumné centrum európskej etnológie (Komárno, Slovensko)  |9 84103 
752 |d Dunajská Streda 
752 |d Komárno 
830 0 |a Notitia historico-ethnologica  |9 390741 
919 |a 80-8062-192-6 
958 |a NB 
958 |a HU 
968 |d 81 
999 |c 1161563  |d 1163493 
952 |t P60, <03>, [BOOK], {603}  |a SNK  |b SNK  |y PREZ  |7 0  |p 17A0437529  |o snkSD 74028  |i snkKSP 9628/2004  |0 0  |1 0  |4 0  |d 2004-07-21  |l 0  |r 2025-11-21 00:00:00  |w 2026-02-24 
952 |t P60, <04>, [BOOK], {604}  |a SNK  |b SNK  |y VYP  |7 0  |p 17A0437530  |o snkSD 74028 D1  |i snkKSP 9629/2004  |0 0  |1 0  |4 0  |d 2004-07-21  |l 0  |r 2005-01-02 00:00:00  |w 2026-02-24